| 000 | 00975nam a22002057a 4500 | ||
|---|---|---|---|
| 005 | 20241011160720.0 | ||
| 008 | 240531b ||||| |||| 00| 0 eng d | ||
| 040 | _cSSBUL | ||
| 041 | _aMyanmar | ||
| 082 |
_223 _a၂၉၄.၃၄၃၅၀၉ နေ _b၁၂၅၅၆ S-UOK |
||
| 100 | 0 | _aနေမျိုးကျော်ထင် | |
| 245 | 1 | 0 |
_aဗုဒ္ဓတထောင်စေတီတော်သမိုင်း / _cနေမျိုးကျော်ထင်။ |
| 250 | _aတတိယအကြိမ်။ | ||
| 260 |
_aရန်ကုန် ၊ _bသုဓမ္မဝတီစာပုံနှိပ်တိုက်၊ _c၁၉၈၅။ |
||
| 300 |
_aဇ၊ ၉၆ စာ၊ _c၁၈ စင်တီ။ |
||
| 500 | _aS-UOK: U Ohn Kyaw S-SAT: Dr. Sai Aung Tun | ||
| 650 |
_aဘုရားသမိုင်း။ _98832 |
||
| 650 |
_aဗုဒ္ဓတထောင်စေတီတော် _vသမိုင်း _954996 |
||
| 942 |
_2ddc _cBK1 |
||
| 999 |
_c35149 _d35149 |
||